00693nam a2200229 a 4500001001300000003000900013005001700022008004100039020001000080082001600090245005300106260004700159300000800206500003500214505001000249650002400259710003300283902000800316942000700324952011700331999001500448nice12345678IN_TiNIC20260116012358.0050524s1957 mada grp 000 0 eng  ac10000a270.82bCLS aPlan of Church Union in North India and Pakistan aMadrasbChristian Literature Societyc1957 a64p aincludes index and biblioraphy2 aIndex aEcumenicalism-India2 aChristian Literature Society bSRS cBK 001040708StackRoom-aHMIbHMId2007-07-17g100.00l0o270.82 CLSp012938r2007-07-17v100.00w2005-05-24yBK c6774d6774